| 000 | 00830cam a22002654a 4500 | ||
|---|---|---|---|
| 003 | UPN | ||
| 005 | 20240925064704.0 | ||
| 008 | 031106s2001 es r 000 0 spa d | ||
| 020 | _a8449310121 | ||
| 035 | _aUPN01000130780 | ||
| 040 |
_aUPN _bspa _cUPN |
||
| 049 | _aCG | ||
| 050 | 4 |
_aJC359 _bB6.2 |
|
| 100 | 1 |
_aBourdieu, Pierre, _d1930-2002 _944118 |
|
| 245 | 1 | 4 |
_aLas argucias de la razón imperialista / _cPierre Bourdieu y Loic Wacquant ; tr. de María José Furió Sancho. |
| 260 |
_aBarcelona, Esp. : _bPaidós, _c2001. |
||
| 300 | _a54 p. | ||
| 490 | 0 |
_aPaidós asterisco ; _v6 |
|
| 534 |
_pTítulo original: _tSur les ruses de la raison impérialiste |
||
| 650 | 4 |
_aImperialismo _99887 |
|
| 650 | 4 |
_aPoder (Ciencias sociales) _91203 |
|
| 700 | 1 |
_aWacquant, Loïc, _dcoaut. |
|
| 905 | _aLibro | ||
| 942 |
_2lcc _cLIBRO |
||
| 999 |
_c102937 _d102937 |
||